[Event "ONJK 2018 DE"]
[Site "Borne, Netherlands"]
[Date "2018.08.06"]
[Round "1.1"]
[White "Malfliet, Alexander"]
[Black "Coffeng, Jay"]
[Result "1-0"]
[WhiteElo "1445"]
[BlackElo "1016"]
[PlyCount "75"]
[EventDate "2018.??.??"]

1. e4 e5 2. Nf3 Nc6 3. Bc4 Bc5 4. Nc3 Nf6 5. d3 d6 6. Be3 Bxe3 7. fxe3 Bg4 8.
Qe2 Qd7 9. h3 Bh5 10. Rf1 Rd8 11. Qd2 O-O 12. g4 Bg6 13. O-O-O Ne7 14. Rh1 Ne8
15. Rdg1 b5 16. Bxb5 c6 17. Ba4 Rb8 18. Bb3 Nc7 19. h4 h6 20. g5 h5 21. d4 exd4
22. exd4 d5 23. exd5 cxd5 24. Ne5 Qd6 25. Qf4 f6 26. Nxg6 Qxf4+ 27. Nxf4 fxg5
28. Nfxd5 Nexd5 29. Nxd5 Nxd5 30. Bxd5+ Kh8 31. Rxg5 g6 32. Rxg6 a5 33. Rhg1
Rf1+ 34. Rxf1 Rc8 35. Rf5 Kh7 36. Bf7 Rxc2+ 37. Kxc2 a4 38. Rxh5# 1-0

[Event "ONJK 2018 DE"]
[Site "Borne, Netherlands"]
[Date "2018.08.06"]
[Round "1.2"]
[White "Zoet, Otto"]
[Black "Cappan, Pjotr"]
[Result "1-0"]
[WhiteElo "970"]
[BlackElo "1422"]
[PlyCount "35"]
[EventDate "2018.??.??"]

1. e4 e5 2. Nf3 Nc6 3. Bc4 Bc5 4. Nc3 d6 5. h3 Nf6 6. O-O Be6 7. Bd5 Bxd5 8.
Nxd5 Nxe4 9. d3 Nf6 10. Bg5 Rg8 11. Qd2 Nb8 12. d4 Bxd4 13. Nxd4 exd4 14. Qxd4
Nc6 15. Rfe1+ Kd7 16. Nxf6+ gxf6 17. Qg4+ f5 18. Qxf5# 1-0

[Event "ONJK 2018 DE"]
[Site "Borne, Netherlands"]
[Date "2018.08.06"]
[Round "1.3"]
[White "Froeyman, Hugo"]
[Black "Ekker, Joshua"]
[Result "1-0"]
[WhiteElo "1416"]
[BlackElo "945"]
[PlyCount "95"]
[EventDate "2018.??.??"]

1. e4 e5 2. Nf3 Nc6 3. Bb5 d6 4. d4 Bd7 5. O-O Nxd4 6. Bxd7+ Qxd7 7. Nxd4 exd4
8. Qxd4 Nf6 9. Bg5 Be7 10. Nc3 h6 11. Be3 O-O 12. Rad1 Rfd8 13. h3 a6 14. a3 c5
15. Qd3 Qc6 16. Rfe1 Rd7 17. Bf4 Rad8 18. Qg3 Nh5 19. Qg4 Nxf4 20. Qxf4 Bg5 21.
Qf3 Qb6 22. Rb1 c4 23. Qd1 Bh4 24. Qf3 Bg5 25. Nd5 Qc5 26. Qc3 Bh4 27. Qe3 Qxe3
28. Rxe3 Re8 29. g3 Bd8 30. Kg2 b5 31. f3 Re6 32. Nb4 d5 33. Ree1 dxe4 34. fxe4
Rd2+ 35. Kg1 Rg6 36. g4 h5 37. Rbd1 Rxd1 38. Rxd1 Be7 39. Nd5 Bd6 40. e5 Bxe5
41. Ne7+ Kh7 42. Nxg6 Kxg6 43. gxh5+ Kxh5 44. b3 cxb3 45. cxb3 f6 46. Kg2 Kh4
47. Rd7 g5 48. Rh7# 1-0

[Event "ONJK 2018 DE"]
[Site "Borne, Netherlands"]
[Date "2018.08.06"]
[Round "1.4"]
[White "Kooistra, Marthijn"]
[Black "Knol, Daniel"]
[Result "0-1"]
[WhiteElo "924"]
[BlackElo "1358"]
[PlyCount "66"]
[EventDate "2018.??.??"]

1. e4 e5 2. Nf3 Nc6 3. Bc4 Nf6 4. Nc3 Bc5 5. d3 h6 6. Be3 Bd4 7. Qd2 d6 8. h3
Be6 9. Bb3 O-O 10. Bxd4 Nxd4 11. Nxd4 exd4 12. Ne2 c5 13. f4 d5 14. f5 Bc8 15.
e5 Nd7 16. Bxd5 Nxe5 17. Be4 c4 18. O-O Qb6 19. dxc4 d3+ 20. Kh1 dxe2 21. Qxe2
Qxb2 22. Qd2 Nxc4 23. Qd3 Ne5 24. Qg3 Qd4 25. f6 g6 26. Rae1 Re8 27. h4 Ng4 28.
Bf5 Rxe1 29. Rxe1 Bxf5 30. Rf1 Qe5 31. Qf4 Qxf4 32. Rxf4 Nxf6 33. h5 Nxh5 0-1

[Event "ONJK 2018 DE"]
[Site "Borne, Netherlands"]
[Date "2018.08.06"]
[Round "1.5"]
[White "Maris, Evi"]
[Black "De Heij, Terje"]
[Result "1-0"]
[WhiteElo "1356"]
[BlackElo "886"]
[PlyCount "101"]
[EventDate "2018.??.??"]

1. e4 e5 2. Nf3 Nc6 3. Bc4 Nf6 4. Ng5 Qe7 5. Bxf7+ Kd8 6. Bc4 Ke8 7. Nf7 Rg8 8.
Ng5 Rh8 9. O-O h6 10. Nf7 Rh7 11. Nc3 d6 12. f4 Be6 13. Bxe6 Qxe6 14. fxe5 dxe5
15. Nxe5 Nxe5 16. d4 Ned7 17. Kh1 Bb4 18. Nb5 Qc6 19. e5 Qxb5 20. exf6 Nxf6 21.
c3 Bd6 22. a4 Qh5 23. Re1+ Kd7 24. h3 Qxd1 25. Rxd1 Re8 26. c4 c6 27. c5 Bc7
28. b4 Rhh8 29. b5 Re7 30. Rb1 Rhe8 31. Kg1 Bg3 32. Bd2 Re4 33. bxc6+ Kxc6 34.
Bb4 Rd8 35. Bc3 Nd5 36. Ba5 Re3 37. Bxd8 Nc3 38. d5+ Kxc5 39. Rbc1 Kb4 40. Rd4+
Kb3 41. Kf1 Ne2 42. Rb1+ Kc2 43. Rdb4 Nc3 44. R4b2+ Kd3 45. Rc1 Ne2 46. Rb3+
Kd2 47. Rxe3 Kxe3 48. Rb1 Nc3 49. Rb3 Kd2 50. Ba5 Be5 51. d6 1-0

[Event "ONJK 2018 DE"]
[Site "Borne, Netherlands"]
[Date "2018.08.06"]
[Round "1.6"]
[White "Tangarife Ramirez, Katja"]
[Black "Muntean, Felix"]
[Result "0-1"]
[WhiteElo "880"]
[BlackElo "1310"]
[PlyCount "100"]
[EventDate "2018.??.??"]

1. e4 e5 2. Nf3 Nc6 3. d4 exd4 4. Nxd4 Bc5 5. Be3 d6 6. Nxc6 bxc6 7. Bxc5 dxc5
8. Qxd8+ Kxd8 9. Nc3 Nf6 10. Bc4 Re8 11. O-O-O+ Bd7 12. f3 Re7 13. Rhe1 Rb8 14.
e5 Nh5 15. e6 fxe6 16. Bxe6 Nf4 17. Bxd7 Rxd7 18. Rxd7+ Kxd7 19. g3 Nd5 20. Rd1
Ke6 21. Ne4 c4 22. Re1 Nb4 23. Nc3+ Kf7 24. a3 Nd5 25. Nxd5 cxd5 26. c3 Rb6 27.
Re5 Rd6 28. f4 c6 29. Rf5+ Kg8 30. Re5 Rh6 31. Re7 Rxh2 32. Rxa7 Rg2 33. Rc7
Rxg3 34. Rxc6 Rf3 35. Rd6 Rxf4 36. Rxd5 h6 37. a4 g5 38. a5 g4 39. a6 Rf1+ 40.
Rd1 Rf6 41. a7 Rf8 42. Rd7 g3 43. Rd1 g2 44. Kb1 h5 45. Ka2 Ra8 46. Rg1 Rxa7+
47. Kb1 Rg7 48. Kc2 h4 49. Kd2 h3 50. Ke2 h2 0-1

[Event "ONJK 2018 DE"]
[Site "Borne, Netherlands"]
[Date "2018.08.06"]
[Round "1.7"]
[White "De Putter, Sven"]
[Black "Van Doren, Frodo"]
[Result "1-0"]
[WhiteElo "1282"]
[BlackElo "876"]
[PlyCount "127"]
[EventDate "2018.??.??"]

1. e4 e5 2. Nf3 Nc6 3. Bc4 Bc5 4. c3 Nf6 5. d4 exd4 6. e5 Ne4 7. Bd5 f5 8. cxd4
Bb6 9. Nbd2 Nxd2 10. Qxd2 Ba5 11. Qxa5 Nxa5 12. Bg5 Qxg5 13. Nxg5 h6 14. Nf3 c6
15. Bb3 Nxb3 16. axb3 O-O 17. O-O Rd8 18. Nh4 d6 19. Ng6 Be6 20. b4 Bc4 21.
Rfe1 Kf7 22. Nh4 Bd3 23. Rad1 Be4 24. f3 Bd5 25. Nxf5 dxe5 26. dxe5 Bb3 27.
Rxd8 Rxd8 28. Nd6+ Ke7 29. Re3 Bd5 30. Nxb7 Rb8 31. Nc5 Rxb4 32. Re2 Rb5 33.
Ne4 Bc4 34. Rd2 Rxe5 35. Nd6 Bd5 36. Nc8+ Kd7 37. Nxa7 Kc7 38. Rd1 Kb7 39. Ra1
Re8 40. Ra5 Ra8 41. Rxd5 cxd5 42. Nb5 Kc6 43. Nd4+ Kd7 44. Kf1 Rb8 45. Nf5 Rxb2
46. Nxg7 d4 47. Nf5 d3 48. Ne3 Ke6 49. f4 d2 50. Ke2 Rb4 51. f5+ Ke5 52. Kxd2
Re4 53. Kd3 Rxe3+ 54. Kxe3 Kxf5 55. Kf3 Kg5 56. Kg3 h5 57. h4+ Kf5 58. Kf3 Kg6
59. Kf4 Kf6 60. g3 Kg6 61. Ke5 Kg7 62. Kf5 Kh6 63. Kf6 Kh7 64. Kg5 1-0

[Event "ONJK 2018 DE"]
[Site "Borne, Netherlands"]
[Date "2018.08.06"]
[Round "1.8"]
[White "Vleming, Annabel"]
[Black "Hesse, Lucas"]
[Result "1-0"]
[WhiteElo "856"]
[BlackElo "1276"]
[PlyCount "51"]
[EventDate "2018.??.??"]

1. d4 d5 2. c4 c5 3. dxc5 d4 4. Nf3 Nc6 5. Bf4 g5 6. Bg3 Bg7 7. Qd3 Qa5+ 8.
Nbd2 Qxc5 9. e3 Bf5 10. e4 Bg6 11. Be2 h5 12. O-O h4 13. Bc7 Rc8 14. Nb3 Qb4
15. a3 Qa4 16. Nc5 Qb4 17. axb4 Nxb4 18. Qb3 Rxc7 19. Qxb4 g4 20. Rxa7 Rc8 21.
Qxb7 Rd8 22. Ra8 f5 23. Qc6+ Kf7 24. Ng5+ Kf8 25. Rxd8+ Be8 26. Qxe8# 1-0

[Event "ONJK 2018 DE"]
[Site "Borne, Netherlands"]
[Date "2018.08.06"]
[Round "1.12"]
[White "Sannen, Fien"]
[Black "Mernier, Martin"]
[Result "1/2-1/2"]
[WhiteElo "748"]
[BlackElo "1267"]
[PlyCount "135"]
[EventDate "2018.??.??"]

1. e4 e5 2. Nf3 Nc6 3. Nc3 Bc5 4. Be2 Nf6 5. O-O d6 6. d3 O-O 7. Bg5 Be6 8. Nd5
Bxd5 9. exd5 Nb8 10. c3 c6 11. c4 Re8 12. Re1 Qb6 13. Rf1 Ng4 14. d4 exd4 15.
Bd3 Ne5 16. Nxe5 dxe5 17. Qh5 e4 18. Bxe4 Rxe4 19. Rae1 Rxe1 20. Rxe1 Na6 21.
Kh1 cxd5 22. cxd5 Nb4 23. Qg4 Nxd5 24. h3 Nb4 25. a3 Nd3 26. Rf1 Nxb2 27. Rb1
Qb3 28. Bf6 g6 29. Bxd4 Bxd4 30. Qxd4 Qxa3 31. Rxb2 Qa6 32. Rb4 Qf1+ 33. Kh2
Qa6 34. Ra4 Qc6 35. Rxa7 Rxa7 36. Qxa7 Kg7 37. Qd4+ Qf6 38. Qb4 Qxf2 39. Qxb7
Qf4+ 40. Kg1 h5 41. Qb2+ Qf6 42. Qb3 g5 43. Kh2 Kg6 44. g3 h4 45. g4 Qf2+ 46.
Kh1 Qe1+ 47. Kg2 Qe4+ 48. Kh2 Qe1 49. Kg2 Qe4+ 50. Kh2 Qf4+ 51. Kh1 Qf1+ 52.
Kh2 Qf4+ 53. Kh1 Qe4+ 54. Kh2 Qe2+ 55. Kg1 Qe1+ 56. Kg2 Qg3+ 57. Qxg3 hxg3 58.
Kxg3 Kf6 59. Kf3 Ke5 60. Ke3 f6 61. Kf3 Kd4 62. Kg3 Ke4 63. h4 gxh4+ 64. Kxh4
Kf4 65. Kh5 Ke5 66. Kg6 Kf4 67. Kxf6 Kxg4 68. Ke5 1/2-1/2

[Event "ONJK 2018 DE"]
[Site "Borne, Netherlands"]
[Date "2018.08.06"]
[Round "1.13"]
[White "Mainka, Ingmar"]
[Black "Buijnsters, Olivia"]
[Result "1-0"]
[WhiteElo "1190"]
[BlackElo "728"]
[PlyCount "37"]
[EventDate "2018.??.??"]

1. e4 e5 2. Nf3 Nc6 3. d4 exd4 4. Nxd4 Nxd4 5. Qxd4 Nf6 6. e5 Ng8 7. Bc4 d6 8.
O-O Bf5 9. Qf4 Be6 10. Bxe6 fxe6 11. Nc3 dxe5 12. Qxe5 Qh4 13. Qxe6+ Be7 14.
Nd5 Kd8 15. Bf4 Rc8 16. Rad1 Qh5 17. Nf6+ Qxd1 18. Rxd1+ Bd6 19. Qd7# 1-0

[Event "ONJK 2018 DE"]
[Site "Borne, Netherlands"]
[Date "2018.08.07"]
[Round "2.1"]
[White "Molanus, Florian"]
[Black "Froeyman, Hugo"]
[Result "0-1"]
[WhiteElo "1179"]
[BlackElo "1416"]
[PlyCount "116"]
[EventDate "2018.??.??"]

1. d4 c6 2. c4 d5 3. Nf3 Nf6 4. e3 e6 5. Nc3 Bd6 6. Bd3 O-O 7. O-O Nbd7 8. e4
dxe4 9. Nxe4 Nxe4 10. Bxe4 Nf6 11. Bd3 b6 12. Bg5 h6 13. Bh4 Be7 14. Nd2 Qxd4
15. Bxf6 Qxf6 16. b3 Rd8 17. Qe2 Qd4 18. Bb1 Bf6 19. Bc2 Qc3 20. Ne4 Qe5 21.
Nxf6+ Qxf6 22. Be4 Bb7 23. Rfe1 Rab8 24. h3 c5 25. Bxb7 Rxb7 26. Qe4 Rbd7 27.
Rf1 Qd4 28. Qf3 Qh4 29. Rad1 Qe7 30. Rfe1 Qg5 31. Rxd7 Rxd7 32. Qa8+ Qd8 33.
Qf3 Rd2 34. Ra1 Qd4 35. Re1 Rxa2 36. Rd1 Ra1 37. Rxa1 Qxa1+ 38. Kh2 Qe5+ 39. g3
Qb8 40. Kg2 a5 41. Qc6 Kf8 42. Qd7 g6 43. Qc6 Kg7 44. Qf3 Qd6 45. Kg1 Qd7 46.
Kg2 b5 47. Qc3+ Kg8 48. Qxa5 Qc6+ 49. f3 bxc4 50. bxc4 Qc8 51. Qd2 Qa6 52. Qe2
Qd6 53. Qc2 Qd4 54. Qc1 Kg7 55. Qc2 h5 56. h4 f5 57. Qe2 Kf6 58. Kh2 f4 0-1

[Event "ONJK 2018 DE"]
[Site "Borne, Netherlands"]
[Date "2018.08.07"]
[Round "2.2"]
[White "Adema, Wessel"]
[Black "Malfliet, Alexander"]
[Result "0-1"]
[WhiteElo "1181"]
[BlackElo "1445"]
[PlyCount "48"]
[EventDate "2018.??.??"]

1. d4 Nf6 2. c4 e6 3. Nc3 c5 4. Nf3 Nc6 5. e3 cxd4 6. exd4 d5 7. Bg5 Be7 8. Be2
a6 9. O-O O-O 10. a3 dxc4 11. Bxc4 b5 12. Ba2 Qc7 13. Qe2 Rd8 14. Rfd1 h6 15.
Bh4 Rd7 16. Rd3 b4 17. axb4 Nxb4 18. Rd2 Nxa2 19. Rxa2 Bb7 20. Bg3 Qd8 21. Qd1
Rc8 22. Ne5 Rd5 23. Nxd5 Qxd5 24. Ra1 Qxg2# 0-1

[Event "ONJK 2018 DE"]
[Site "Borne, Netherlands"]
[Date "2018.08.07"]
[Round "2.3"]
[White "Knol, Daniel"]
[Black "Birke, Dennis"]
[Result "1-0"]
[WhiteElo "1358"]
[BlackElo "1150"]
[PlyCount "101"]
[EventDate "2018.??.??"]

1. e4 e6 2. d4 d5 3. exd5 exd5 4. c4 c6 5. Nc3 Nf6 6. Bd3 Bd6 7. Nf3 c5 8. Nxd5
Nxd5 9. cxd5 cxd4 10. Nxd4 Bc5 11. Bc4 Nd7 12. O-O Nb6 13. Re1+ Kf8 14. Bb3
Nxd5 15. Nb5 Be6 16. Qf3 Qd7 17. Nc3 Rd8 18. Rd1 Bg4 19. Qxd5 Bxd1 20. Qxc5+
Kg8 21. Bg5 Re8 22. h3 Bxb3 23. axb3 b6 24. Qd5 Qxd5 25. Nxd5 Re5 26. Rxa7 h6
27. Ra8+ Kh7 28. Nf6+ gxf6 29. Rxh8+ Kg7 30. Bxf6+ Kxf6 31. Rxh6+ Kf5 32. Rh5+
Ke4 33. Rxe5+ Kxe5 34. h4 Kf6 35. h5 Kg5 36. g4 f5 37. f4+ Kf6 38. g5+ Kg7 39.
h6+ Kg6 40. Kf2 b5 41. Ke3 Kh7 42. Kd4 b4 43. Ke5 Kg6 44. Ke6 Kh7 45. Kf6 Kg8
46. g6 Kh8 47. g7+ Kg8 48. h7+ Kxh7 49. Kf7 Kh6 50. g8=Q Kh5 51. Qg5# 1-0

[Event "ONJK 2018 DE"]
[Site "Borne, Netherlands"]
[Date "2018.08.07"]
[Round "2.4"]
[White "Ang, Rufus"]
[Black "Maris, Evi"]
[Result "1-0"]
[WhiteElo "1147"]
[BlackElo "1356"]
[PlyCount "107"]
[EventDate "2018.??.??"]

1. d4 c5 2. c3 cxd4 3. cxd4 d5 4. Nc3 Nf6 5. Nf3 Nc6 6. Bg5 e6 7. a3 Bd7 8. e3
a6 9. Bd3 h6 10. Bh4 g5 11. Bg3 h5 12. Nxg5 Ng4 13. Nf3 f5 14. Qe2 Bg7 15. O-O
h4 16. Bf4 e5 17. dxe5 Bxe5 18. Bxe5 Ncxe5 19. Nxe5 Nxe5 20. f4 Nf7 21. Rad1
Rg8 22. Bc2 Bc6 23. Bb3 h3 24. g3 Kf8 25. Bxd5 Bxd5 26. Rxd5 Qc8 27. Qd3 Qc6
28. Rf2 Re8 29. Qd4 Rg6 30. Re2 Rge6 31. Kf2 Rd6 32. Rxd6 Nxd6 33. Qd5 Qxd5 34.
Nxd5 Ne4+ 35. Kf3 Rd8 36. Nc3 Nf6 37. e4 fxe4+ 38. Nxe4 Nxe4 39. Kxe4 Re8+ 40.
Kf3 Rd8 41. Kg4 b5 42. Kxh3 a5 43. g4 b4 44. axb4 axb4 45. Kh4 Kg7 46. g5 Rd4
47. Kg4 Kg6 48. h4 Rd1 49. Rg2 Rd4 50. h5+ Kg7 51. g6 Kh6 52. Kf5 Rd5+ 53. Ke6
Rxh5 54. g7 1-0

[Event "ONJK 2018 DE"]
[Site "Borne, Netherlands"]
[Date "2018.08.07"]
[Round "2.5"]
[White "Muntean, Felix"]
[Black "Kanno, Clara Yumi"]
[Result "1-0"]
[WhiteElo "1310"]
[BlackElo "1140"]
[PlyCount "53"]
[EventDate "2018.??.??"]

1. e4 c5 2. c3 d6 3. d4 cxd4 4. cxd4 Nc6 5. Bc4 e6 6. Nf3 d5 7. exd5 exd5 8.
Qe2+ Be7 9. Bb3 Nf6 10. Nc3 Bg4 11. Qd3 Bxf3 12. gxf3 Qd7 13. Bg5 O-O-O 14.
Bxf6 Bxf6 15. O-O-O Nxd4 16. Nxd5 Nxb3+ 17. Qxb3 Qc6+ 18. Kb1 Kb8 19. Nb4 Qc5
20. Rxd8+ Rxd8 21. Rc1 Qxf2 22. Nc6+ Kc7 23. Nxd8+ Kxd8 24. Qd5+ Ke7 25. Rc7+
Ke8 26. Qxf7+ Kd8 27. Qd7# 1-0

[Event "ONJK 2018 DE"]
[Site "Borne, Netherlands"]
[Date "2018.08.07"]
[Round "2.6"]
[White "Niemeijer, Léon"]
[Black "De Putter, Sven"]
[Result "0-1"]
[WhiteElo "1112"]
[BlackElo "1282"]
[PlyCount "40"]
[EventDate "2018.??.??"]

1. d4 d5 2. c4 e6 3. Nf3 c5 4. e3 Nc6 5. Nc3 Nf6 6. Bd3 Bd6 7. O-O O-O 8. a3 a6
9. Qc2 h6 10. b3 b6 11. Bb2 Bb7 12. Rfe1 Re8 13. Rad1 cxd4 14. exd4 Na5 15.
cxd5 Nxd5 16. b4 Nxc3 17. Bxc3 Bxf3 18. gxf3 Nc6 19. Qb2 Qh4 20. Re4 Qh3 0-1

[Event "ONJK 2018 DE"]
[Site "Borne, Netherlands"]
[Date "2018.08.07"]
[Round "2.7"]
[White "Molanus, Eva"]
[Black "Salomons, Matthijs"]
[Result "0-1"]
[WhiteElo "1109"]
[BlackElo "1260"]
[PlyCount "52"]
[EventDate "2018.??.??"]

1. d4 e6 2. e4 d5 3. e5 c5 4. c3 Nc6 5. Nf3 Qb6 6. Be3 Qxb2 7. Nbd2 Qxc3 8. Rc1
Qb2 9. Qb3 Qxc1+ 10. Ke2 c4 11. Qb5 Bb4 12. Ne4 Qc2+ 13. Ned2 Nge7 14. g3 O-O
15. Bh3 Qxa2 16. Rb1 a5 17. Bg5 f6 18. exf6 gxf6 19. Bh6 Rf7 20. g4 c3 21. Qd3
cxd2 22. Nxd2 b6 23. Qe3 Bxd2 24. Qxd2 Qxb1 25. f4 Ba6+ 26. Kf2 Qd3 0-1

[Event "ONJK 2018 DE"]
[Site "Borne, Netherlands"]
[Date "2018.08.07"]
[Round "2.8"]
[White "De Jong, Quint"]
[Black "Dekker, Thiemen"]
[Result "1/2-1/2"]
[WhiteElo "1005"]
[BlackElo "1504"]
[PlyCount "70"]
[EventDate "2018.??.??"]

1. d4 Nf6 2. c4 c5 3. e3 cxd4 4. exd4 g6 5. Nc3 Bg7 6. Nf3 d6 7. Bg5 Nbd7 8.
Qd2 O-O 9. Bh6 b6 10. Bxg7 Kxg7 11. Bd3 Bb7 12. Qe3 Rc8 13. O-O Re8 14. Rfe1 d5
15. cxd5 Nxd5 16. Nxd5 Bxd5 17. Bb5 Bc6 18. Bxc6 Rxc6 19. Ne5 Re6 20. Qf4 Nxe5
21. Rxe5 Rxe5 22. Qxe5+ f6 23. Qe4 Qd7 24. Rc1 e5 25. dxe5 Rxe5 26. Qf4 Rc5 27.
g3 Rxc1+ 28. Qxc1 Qd5 29. Qc7+ Qf7 30. Qxf7+ Kxf7 31. f4 Ke6 32. Kf2 Kd5 33.
Ke3 f5 34. Kd3 a6 35. a3 a5 1/2-1/2

[Event "ONJK 2018 DE"]
[Site "Borne, Netherlands"]
[Date "2018.08.07"]
[Round "2.9"]
[White "Trunz, Michelle"]
[Black "Yeh, Nora"]
[Result "1-0"]
[WhiteElo "1312"]
[BlackElo "881"]
[PlyCount "147"]
[EventDate "2018.??.??"]

1. e4 e5 2. Nf3 Nc6 3. Bc4 Nf6 4. Nc3 Bc5 5. O-O d6 6. h3 O-O 7. d3 h6 8. a3 a6
9. Qe1 Re8 10. Bd2 Be6 11. Bxe6 Rxe6 12. Rd1 Nh5 13. Kh2 Nd4 14. Nxd4 Bxd4 15.
g4 Nf4 16. Bxf4 exf4 17. f3 Bxc3 18. bxc3 Qf6 19. d4 d5 20. e5 Qg6 21. Qd2 Qg5
22. a4 b5 23. axb5 axb5 24. Rb1 c6 25. Ra1 Ree8 26. Rfe1 Rxa1 27. Rxa1 h5 28.
Rg1 h4 29. Ra1 Kf8 30. Qc1 Kg8 31. Ra6 Rc8 32. Qa3 Qg6 33. Qa2 Kh7 34. Kg2 Kh8
35. Kf2 Rb8 36. Ke2 Re8 37. Ra8 Rxa8 38. Qxa8+ Kh7 39. Qa2 f5 40. Qb1 fxg4 41.
hxg4 h3 42. Kd2 h2 43. Qh1 Qh6 44. Ke2 Qh3 45. g5 Kg6 46. Kf2 Kxg5 47. Qg2+
Qxg2+ 48. Kxg2 h1=Q+ 49. Kxh1 Kf5 50. Kg2 Ke6 51. Kh3 Kf5 52. Kh4 g6 53. Kh3 g5
54. Kg2 Ke6 55. Kf2 Kf5 56. Ke2 Ke6 57. Kf2 Kf5 58. Kg1 Ke6 59. Kg2 Kf5 60. Kh3
g4+ 61. fxg4+ Kg5 62. Kg2 Kg6 63. Kf2 Kg5 64. Kf3 Kg6 65. Kxf4 Kf7 66. Kf5 Kg7
67. g5 Kf7 68. e6+ Ke7 69. g6 Kf8 70. Kf6 Ke8 71. g7 Kd8 72. g8=Q+ Kc7 73. e7
Kd6 74. Qd8# 1-0

[Event "ONJK 2018 DE"]
[Site "Borne, Netherlands"]
[Date "2018.08.07"]
[Round "2.10"]
[White "Shin, Hayun"]
[Black "Mainka, Ingmar"]
[Result "1/2-1/2"]
[WhiteElo "918"]
[BlackElo "1190"]
[PlyCount "100"]
[EventDate "2018.??.??"]

1. e4 e5 2. Nf3 Nc6 3. Bc4 Nf6 4. Ng5 d5 5. exd5 Na5 6. Bb5+ Bd7 7. Bxd7+ Qxd7
8. Qe2 Qxd5 9. O-O Bd6 10. Nc3 Qc5 11. a3 Nc6 12. d3 O-O 13. Be3 Nd4 14. Bxd4
exd4 15. Nce4 Nxe4 16. Nxe4 Qe5 17. Ng3 Rae8 18. Qxe5 Bxe5 19. Ne4 f5 20. Nc5
b6 21. Nd7 Rf7 22. Nxe5 Rxe5 23. Rfe1 Rfe7 24. Kf1 Kf7 25. Rxe5 Rxe5 26. Re1
Kf6 27. f4 Rxe1+ 28. Kxe1 g5 29. fxg5+ Kxg5 30. Kf2 Kf4 31. Ke2 c5 32. a4 a6
33. Kf2 b5 34. axb5 axb5 35. Ke2 c4 36. Kf2 c3 37. b4 h5 38. Ke2 h4 39. Kf2 Kg4
40. g3 hxg3+ 41. hxg3 f4 42. gxf4 Kxf4 43. Ke2 Kg3 44. Ke1 Kf3 45. Kf1 Ke3 46.
Ke1 Kf3 47. Kf1 Kg3 48. Ke2 Kg2 49. Ke1 Kg3 50. Ke2 Kg2 1/2-1/2

[Event "ONJK 2018 DE"]
[Site "Borne, Netherlands"]
[Date "2018.08.07"]
[Round "2.11"]
[White "Van Leeuwen, Robin"]
[Black "Kumar, Prajit Sai"]
[Result "1/2-1/2"]
[WhiteElo "1098"]
[BlackElo "845"]
[PlyCount "123"]
[EventDate "2018.??.??"]

1. e4 e5 2. Nf3 Nc6 3. Bb5 d6 4. d4 exd4 5. Nxd4 Bd7 6. O-O Nxd4 7. Bxd7+ Qxd7
8. Qxd4 Nf6 9. Nc3 Be7 10. b3 O-O 11. Bb2 c6 12. Rad1 c5 13. Qe3 Qe6 14. Rfe1
Rad8 15. Nd5 Nxd5 16. Rxd5 Bf6 17. Bxf6 Qxf6 18. e5 dxe5 19. Rxe5 b6 20. h3 h6
21. Qg3 Rd4 22. R1e2 Rd1+ 23. Kh2 Qd6 24. f4 Qd4 25. Qf2 Qxf2 26. Rxf2 Rfd8 27.
Ree2 R8d4 28. f5 Rd6 29. g4 R1d4 30. Kg3 f6 31. Kg2 c4 32. Kg3 cxb3 33. axb3 a5
34. Re8+ Kf7 35. Rfe2 Rd7 36. R8e6 b5 37. Rf2 Ra7 38. Re1 a4 39. bxa4 bxa4 40.
Ra1 a3 41. Rff1 Rc4 42. Rfc1 Rc3+ 43. Kg2 Ke7 44. Ra2 Kd6 45. Rb1 Kd5 46. Rb4
Rc4 47. Rxc4 Kxc4 48. Kg3 Kc3 49. Kh4 Kd2 50. Kh5 Kc1 51. Kg6 Kb1 52. Rxa3 Rxa3
53. Kxg7 Rxh3 54. Kxf6 Rh4 55. g5 hxg5 56. Kxg5 Ra4 57. f6 Kxc2 58. f7 Ra8 59.
Kg6 Kc3 60. Kg7 Ra7 61. Kg8 Rxf7 62. Kxf7 1/2-1/2

[Event "ONJK 2018 DE"]
[Site "Borne, Netherlands"]
[Date "2018.08.07"]
[Round "3.1"]
[White "Malfliet, Alexander"]
[Black "Faybish, Dana"]
[Result "1-0"]
[WhiteElo "1445"]
[BlackElo "1200"]
[PlyCount "75"]
[EventDate "2018.??.??"]

1. e4 e5 2. Nf3 Nc6 3. Bc4 Be7 4. Nc3 Nf6 5. d3 O-O 6. Be3 d6 7. Qd2 Bd7 8.
O-O-O a6 9. Rdg1 b5 10. Bb3 Na5 11. Bg5 Nxb3+ 12. axb3 b4 13. Ne2 c5 14. Bxf6
Bxf6 15. h4 a5 16. Kd1 a4 17. bxa4 Rxa4 18. g4 Qa5 19. Nc1 Bc6 20. g5 Be7 21.
b3 Ra1 22. h5 d5 23. Rh4 Rd8 24. Nxe5 Bb7 25. Rhg4 dxe4 26. g6 fxg6 27. hxg6 h6
28. R1g3 Qa3 29. Nf7 Rd7 30. Rh3 Bf6 31. Rg2 Bb2 32. Nxh6+ Kf8 33. Nf5 Rxc1+
34. Qxc1 Bd5 35. Qf4 Qa1+ 36. Ke2 exd3+ 37. cxd3 Bxg2 38. Rh8# 1-0

[Event "ONJK 2018 DE"]
[Site "Borne, Netherlands"]
[Date "2018.08.07"]
[Round "3.2"]
[White "Froeyman, Hugo"]
[Black "Groen, Jari"]
[Result "1-0"]
[WhiteElo "1416"]
[BlackElo "1187"]
[PlyCount "81"]
[EventDate "2018.??.??"]

1. e4 c6 2. d4 d5 3. exd5 cxd5 4. Nf3 Nf6 5. Bd3 e6 6. O-O Be7 7. Be3 O-O 8. h3
Nbd7 9. c3 Rb8 10. Bf4 Ra8 11. Nbd2 Nh5 12. Bh2 Nb6 13. Qc2 h6 14. Rae1 Bd6 15.
Bxd6 Qxd6 16. Ne5 Nf4 17. Ndf3 Nxd3 18. Nxd3 Nd7 19. Nfe5 Nf6 20. Re3 Ne4 21.
Nf3 f5 22. Nd2 Nxd2 23. Qxd2 Rf6 24. Ne5 Bd7 25. f4 Kh7 26. Ref3 Raf8 27. Kh2
Be8 28. g4 fxg4 29. hxg4 Bg6 30. Kg3 Be4 31. R3f2 Kg8 32. Qd1 Qe7 33. Qa4 a6
34. Nd7 g5 35. Nxf6+ Rxf6 36. fxg5 Rxf2 37. Rxf2 hxg5 38. Qa5 Kg7 39. Qc5 Qe8
40. Qc7+ Kg8 41. Qxb7 1-0

[Event "ONJK 2018 DE"]
[Site "Borne, Netherlands"]
[Date "2018.08.07"]
[Round "3.3"]
[White "Salomons, Matthijs"]
[Black "Knol, Daniel"]
[Result "1-0"]
[WhiteElo "1260"]
[BlackElo "1358"]
[PlyCount "67"]
[EventDate "2018.??.??"]

1. d4 Nf6 2. c4 e6 3. Nc3 c5 4. Nf3 d5 5. e3 Nc6 6. Bd2 Bd6 7. Be2 O-O 8. O-O
b6 9. Qa4 Bd7 10. Nb5 Be7 11. Ne5 Nxe5 12. dxe5 Ne4 13. Qc2 Nxd2 14. Qxd2 Bxb5
15. cxb5 Qc7 16. f4 f6 17. exf6 Bxf6 18. Bg4 Qe7 19. f5 d4 20. exd4 Bxd4+ 21.
Kh1 e5 22. Bf3 Rad8 23. Bc6 Qh4 24. a4 Bg1 25. Bd5+ Kh8 26. Kxg1 Rf6 27. g3 Qg4
28. Bf3 Qxg3+ 29. hxg3 Rxd2 30. Rad1 Rfd6 31. Rxd2 Rxd2 32. Rd1 Rxd1+ 33. Bxd1
Kg8 34. Kf2 1-0

[Event "ONJK 2018 DE"]
[Site "Borne, Netherlands"]
[Date "2018.08.07"]
[Round "3.4"]
[White "De Rooij, Kevin"]
[Black "Muntean, Felix"]
[Result "1-0"]
[WhiteElo "1188"]
[BlackElo "1310"]
[PlyCount "81"]
[EventDate "2018.??.??"]

1. d4 d5 2. c4 e6 3. Nc3 b6 4. g3 Bb7 5. Bg2 c5 6. cxd5 Bxd5 7. Nxd5 exd5 8.
dxc5 Bxc5 9. Bxd5 Qf6 10. Nf3 Nc6 11. Qa4 Nge7 12. Bg5 Qxb2 13. Bxc6+ Kf8 14.
Bxe7+ Bxe7 15. O-O Rd8 16. Qxa7 g6 17. Rab1 Qxe2 18. Rfe1 Qc2 19. Qxe7+ Kg7 20.
Qe5+ Kh6 21. Qe3+ Kg7 22. Be4 Qxa2 23. Qc3+ Kh6 24. Ne5 Rhe8 25. Rb2 Qe6 26. f4
f6 27. Nc4 Rc8 28. Rc2 b5 29. Bb7 Qxe1+ 30. Qxe1 Rxe1+ 31. Kf2 Rce8 32. Nd6
R8e7 33. Bf3 Rb1 34. h4 f5 35. h5 b4 36. hxg6 hxg6 37. Rc6 Rb2+ 38. Be2 Rexe2+
39. Kf3 Rec2 40. Nxf5+ Kh5 41. g4# 1-0

[Event "ONJK 2018 DE"]
[Site "Borne, Netherlands"]
[Date "2018.08.07"]
[Round "3.5"]
[White "De Putter, Sven"]
[Black "Ang, Rufus"]
[Result "1-0"]
[WhiteElo "1282"]
[BlackElo "1147"]
[PlyCount "105"]
[EventDate "2018.??.??"]

1. e4 e5 2. Nf3 Nf6 3. Nxe5 d6 4. Nf3 Nxe4 5. Nc3 Nf6 6. Bc4 Bg4 7. O-O Be7 8.
h3 Bh5 9. d3 O-O 10. Bg5 Nc6 11. Bxf6 Bxf6 12. Bd5 Rb8 13. Qd2 Qd7 14. Ne4 Bxb2
15. Rab1 Bxf3 16. Rxb2 Bxe4 17. Bxe4 d5 18. Bf3 Ne5 19. Qf4 Nxf3+ 20. Qxf3 Rfe8
21. Rd1 Re7 22. c4 dxc4 23. dxc4 Qa4 24. Rxb7 Rxb7 25. Rd8+ Re8 26. Rxe8+ Qxe8
27. Qxb7 Qe1+ 28. Kh2 Qe5+ 29. g3 g6 30. Qxa7 Qe2 31. Qc5 Qxa2 32. Kg2 Qa8+ 33.
Qd5 Qxd5+ 34. cxd5 f5 35. Kf3 Kf7 36. Ke3 Ke7 37. Kd4 Kd6 38. f3 g5 39. g4 fxg4
40. hxg4 c5+ 41. dxc6 Kxc6 42. Ke5 h6 43. Kf6 Kd5 44. Kg6 Ke6 45. Kxh6 Kf6 46.
Kh5 Kf7 47. Kxg5 Kg7 48. f4 Kf7 49. Kh6 Kg8 50. Kg6 Kh8 51. Kf7 Kh7 52. g5 Kh8
53. f5 1-0